Μοντελοποίηση στη θεωρία κινδύνου με ασυμπτωτική ανεξαρτησία : μεταπτυχιακή διατριβή

Μελέτη ασυμπτωτικής συμπεριφοράς της ουράς του αθροίσματος εξαρτώμενων τυχαίων μεταβλητών.

Αποθηκεύτηκε σε:
Λεπτομέρειες βιβλιογραφικής εγγραφής
Κύριος συγγραφέας: Χατζηχριστοδούλου, Χρίστος
Συγγραφή απο Οργανισμό/Αρχή: Πανεπιστήμιο Αιγαίου. Σχολή Θετικών Επιστημών. Τμήμα Στατιστικής και Αναλογιστικών-Χρηματοοικονομικών Μαθηματικών. Μεταπτυχιακό Πρόγραμμα Στατιστική και Αναλογιστικά - Χρηματοοικονομικά Μαθηματικά
Μορφή: Thesis Βιβλίο
Γλώσσα:Greek
Δημοσίευση: 2009.
Θέματα:
Διαθέσιμο Online:http://hdl.handle.net/11610/15549
Ετικέτες: Προσθήκη ετικέτας
Δεν υπάρχουν, Καταχωρήστε ετικέτα πρώτοι!

MARC

LEADER 00000cam a2200000 i 4500
001 1/463
008 090703s2009 gr | ||| |||| ||gre||
035 |l 10105246 
040 |a GR-MyUa  |b gre  |e AACR2 
041 0 |a gre 
082 7 |a 368.01   |2 (22) 
100 1 |a Χατζηχριστοδούλου, Χρίστος. 
245 1 0 |a Μοντελοποίηση στη θεωρία κινδύνου με ασυμπτωτική ανεξαρτησία :   |b μεταπτυχιακή διατριβή /   |c Χρίστος Χατζηχριστοδούλου ; επιβλέπων καθηγητής, Δ.Γ. Κωνσταντινίδης.  
260 |c 2009.  
300 |a 69 σ. ;   |c 30 εκ.  
502 |a Διατριβή (μεταπτυχιακή) – Πανεπιστήμιο Αιγαίου, Σάμος, 2009. 
504 |a Βιβλιογραφία: σ. 68-69.  
506 0 |a Διάθεση πλήρους κειμένου - Ελεύθερη πρόσβαση.  
520 8 |a Μελέτη ασυμπτωτικής συμπεριφοράς της ουράς του αθροίσματος εξαρτώμενων τυχαίων μεταβλητών. 
540 |a Κλειδωμένη η δυνατότητα αντιγραφής (copy) του κειμένου.  
610 2 0 |a University of the Aegean  |x Dissertations. 
650 0 0 |a Risk (Insurance)  |x Mathematical models. 
650 0 0 |a Dissertations, Academic  |z Greece. 
700 1 |a Κωνσταντινίδης, Δημήτριος Γ.  |e dgs 
710 2 |a Πανεπιστήμιο Αιγαίου.   |b Σχολή Θετικών Επιστημών.   |b Τμήμα Στατιστικής και Αναλογιστικών-Χρηματοοικονομικών Μαθηματικών.   |b Μεταπτυχιακό Πρόγραμμα Στατιστική και Αναλογιστικά - Χρηματοοικονομικά Μαθηματικά. 
852 |a INST  |b SAMOS  |c DIATR  |e 20090703  |h 368.01 ΧΑΤ  |p 005300031262  |q 005300031262  |t MTXE  |y 23 
852 |a INST  |b SAMOS  |c DIATR  |e 20090703  |h 368.01 ΧΑΤ  |p 005300031263  |q 005300031263  |t MTXE  |y 23 
856 |u http://hdl.handle.net/11610/15549 
901 |a BIBL3-2009-2 
924 |a Χατζηχριστοδούλου  |b Χρίστος  |y Σάμος  |z 2009-05 
970 |a ΚΟΣΙΕΡΗΣ  |b ΧΡΗΣΤΟΣ  |z 2009/07/03